MARC

LEADER 00000nas a2200000 a 4500
001 ssj0064329
003 WaSeSS
005 20200512172242.0
006 m d
007 cr n
008 100414c19699999gw fr p s o 0 0ger c
010 |a  2011234574 
016 7 |a 100970699  |2 DNLM 
022 |l 0039-3185  |y 0039-3185 
030 |a STLBBI 
035 |a (WaSeSS)ssj0064329 
040 |a OCLCE  |b eng  |c OCLCE  |d EYM  |d HLS  |d OCLCQ  |d OCLCF  |d OCLCQ  |d LGG  |d GILDS  |d OCLCO  |d UAB  |d U3W  |d UOK  |d VT2  |d WYU  |d FIE  |d WaSeSS 
041 0 |a ger  |a fre 
042 |a dlr  |a pcc 
050 4 |a B2550  |b .S8 
082 0 4 |a 105  |b S9329 
245 0 0 |a Studia Leibnitiana  |h [electronic resource]. 
260 |a Wiesbaden :  |b Franz Steiner Verlag,  |c 1969- 
310 |a Semiannual,  |b 1973- 
321 |a Quarterly,  |b 1969-1972 
362 1 |a Began with Jahrg. 1, Heft 1 (1969). 
506 |a License restrictions may limit access. 
538 |a Master and use copy. Digital master created according to Benchmark for Faithful Digital Reproductions of Monographs and Serials, Version 1. Digital Library Federation, December 2002.  |u http://purl.oclc.org/DLF/benchrepro0212  |5 MiAaHDL 
546 |a French and German. 
583 1 |a digitized  |c 2010  |h HathiTrust Digital Library  |l committed to preserve  |2 pda  |5 MiAaHDL 
588 |a Description based on Jahrg. I (1969); title from PDF v. title page (JSTOR, viewed July 22, 2011). 
588 |a Latest issue consulted: Bd. 37, Heft 2 (2005) (JSTOR, viewed July 22, 2011). 
600 1 0 |a Leibniz, Gottfried Wilhelm,  |c Freiherr von,  |d 1646-1716  |v Periodicals. 
600 1 6 |a Leibniz, Gottfried Wilhelm,  |c Freiherr von,  |d 1646-1716  |v Périodiques. 
600 1 7 |a Leibniz, Gottfried Wilhelm,  |c Freiherr von,  |d 1646-1716.  |2 fast  |0 (OCoLC)fst00039580 
650 1 7 |a Filosofie.  |2 gtt 
655 0 |a Electronic journals. 
770 0 |t Studia Leibnitiana. Supplementa 
770 0 |t Studia Leibnitiana. Sonderheft 
776 0 8 |i Print version:  |t Studia Leibnitiana  |x 0039-3185  |w (DLC) 70425291  |w (OCoLC)1766677 
856 4 0 |z Full text available from Research Library: 01/01/2005 to 07/31/2017  |u https://search.proquest.com/publication/29255